009070000a220009700045001000032000002450078000323000045001105200621001556500010007767730023007861 aCastaño Barón, William.10a¿Se puede hablar de una ética cristiana? Una perspectiva evangélica. aVol.1, no.1 (jun. - dic.,2009), p. 61-79 aEl presente artículo plantea la discusión acerca de dos asuntos centrales en la ética;primero, la posibilidad que exista o no una ética cristiana bíblica válida, considerando tres posiciones diferentes: la de quienes plantean que la biblia es normativa en asuntos de moral y ética no sólo para los creyente, o sea, que tiene caracter universal; la de quienes sostinen que la biblia sugiere la toma de posturas éticas, pero que no tiene caracter normativo; y la del grupo de teóricos de la ética, que consideran que definitivamente no se puede hablar de una ética especificamente cristiana....14aETICA0 tkronos teológico